| Tag |
First Indicator |
Second Indicator |
Subfields |
| LEADER |
00000cam a2200000 a 4500 |
| 001 |
in00000008424 |
| 005 |
20260128214020.3 |
| 008 |
870615s1987 nyu b 001 0 eng |
| 010 |
|
|
|a 87016528
|
| 035 |
|
|
|a (OCoLC)ocm16130075
|
| 035 |
|
|
|a (OCoLC)16130075
|
| 035 |
|
|
|9 AAA0813AM
|
| 040 |
|
|
|a DLC
|b eng
|c DLC
|d VET
|d OCL
|d VET
|d NLM
|d EL$
|d MUQ
|d OCLCQ
|d BAKER
|d BTCTA
|d YDXCP
|d NOR
|d FN2
|d NIALS
|d LMR
|d YVO
|d GEBAY
|d OCLCQ
|d TPH
|d GBVCP
|d OCLCF
|d OCLCQ
|d OCLCO
|d DEBBG
|d OCLCO
|d OCLCQ
|d OCLCO
|d NBU
|d OCLCQ
|d ALRPT
|d OCLCA
|d OCLCO
|d OCLCA
|d VBO
|d OCLCQ
|d XFF
|d OCLCQ
|d YT6
|d SPP
|d CPO
|d OCLCQ
|d CNO
|d OCLCQ
|d BGU
|d OCLCQ
|d MTU
|d BDP
|d YUS
|d TXA
|
| 016 |
7 |
|
|a 8808039
|2 DNLM
|
| 019 |
|
|
|a 17688936
|a 18381802
|a 229031138
|a 775879824
|a 1055431900
|a 1058410506
|
| 020 |
|
|
|a 0312009941
|
| 020 |
|
|
|a 9780312009946
|
| 020 |
|
|
|a 0312241356
|
| 020 |
|
|
|a 9780312241353
|
| 035 |
|
|
|a (OCoLC)16130075
|z (OCoLC)17688936
|z (OCoLC)18381802
|z (OCoLC)229031138
|z (OCoLC)775879824
|z (OCoLC)1055431900
|z (OCoLC)1058410506
|
| 043 |
|
|
|a n-us---
|
| 050 |
0 |
0 |
|a RA644.A25
|b S48 1987
|
| 055 |
|
4 |
|a RA644 A25 S44
|
| 060 |
0 |
0 |
|a WD 308
|b S556a 1987
|
| 082 |
0 |
0 |
|a 362.1/969792/00973
|2 19
|
| 084 |
|
|
|a YD 8400
|2 rvk
|
| 090 |
|
|
|a RA643.83
|b .S48 1987
|
| 049 |
|
|
|a TXAM
|
| 100 |
1 |
|
|a Shilts, Randy,
|e author.
|
| 245 |
1 |
0 |
|a And the band played on :
|b politics, people, and the AIDS epidemic /
|c Randy Shilts.
|
| 264 |
|
1 |
|a New York :
|b St. Martin's Press,
|c [1987]
|
| 264 |
|
4 |
|c ©1987
|
| 300 |
|
|
|a xxiii, 630 pages ;
|c 24 cm
|
| 336 |
|
|
|a text
|b txt
|2 rdacontent
|
| 337 |
|
|
|a unmediated
|b n
|2 rdamedia
|
| 338 |
|
|
|a volume
|b nc
|2 rdacarrier
|
| 504 |
|
|
|a Includes bibliographical references (pages 607-613) and index.
|
| 586 |
|
|
|a Gay and Lesbian Book Award (American Library Association), 1988.
|
| 505 |
0 |
0 |
|t Acknowledgments --
|t Dramatis personae --
|t The bureaucracy --
|t Prologue --
|g pt. 1.
|t Behold, a pale horse --
|g 1.
|t The feast of the hearts --
|g pt. 2.
|t Before : 1980 --
|g 2.
|t Glory days --
|g 3.
|t Beaches of the dispossessed --
|g 4.
|t Foreshadowing --
|g 5.
|t Freeze frames --
|g pt. 3.
|t Paving the road : 1981 --
|g 6.
|t Critical mass --
|g 7.
|t Good intentions --
|g 8.
|t The prettiest one --
|g 9.
|t Ambush poppers --
|g 10.
|t Golf courses of science --
|g 11.
|t Bad moon rising --
|g pt. 4.
|t The gathering darkness : 1982 --
|g 12.
|t Enemy time--
|g 13.
|t Patient Zero --
|g 14.
|t Bicentennial memories --
|g 15.
|t Nightsweats --
|g 16.
|t Too much blood --
|g 17.
|t Entropy --
|g 18.
|t Running on empty --
|g 19.
|t Forced feeding --
|g 20.
|t Dirty secrets --
|g 21.
|t Dancing in the dark --
|g pt. 5.
|t Battle lines : January-June 1983 --
|g 22.
|t Let it bleed --
|g 23.
|t Midnight confessions --
|g 24.
|t Denial --
|g 25.
|t Anger --
|g 26.
|t The big enchilada --
|g 27.
|t Turning points --
|g 28.
|t Only the good --
|g 29.
|t Priorities --
|g 30.
|t Meanwhile --
|g 31.
|t AIDSpeak spoken here --
|g 32.
|t Star quality --
|g pt. 6.
|t Rituals : July-December 1983 --
|g 33.
|t Marathons --
|g 34.
|t Just another day --
|g 35.
|t Politics --
|g 36.
|t Science --
|g 37.
|t Public health --
|g 38.
|t Journalism --
|g 39.
|t People --
|g pt. 7.
|t Lights & tunnels : 1984 --
|g 40.
|t Prisoners --
|g 41.
|t Bargaining --
|g 42.
|t The feast of the hearts, part 2 --
|g 43.
|t Squeeze play --
|g 44.
|t Traitors --
|g 45.
|t Political science --
|g 46.
|t Downbound train --
|g 47.
|t Republicans and Democrats --
|g 48.
|t Embarrassed --
|g 49.
|t Depression --
|g 50.
|t The war --
|g pt. 8.
|t The butcher's bill : 1985 --
|g 51.
|t Heterosexuals --
|g 52.
|t Exiles --
|g 53.
|t Reckoning --
|g 54.
|t Exposed --
|g 55.
|t Awakening --
|g 56.
|t Acceptance --
|g 57.
|t Endgame --
|g pt. 9.
|t Epilogue : After --
|g 58.
|t Reunion --
|g 59.
|t The feast of hearts, part 3 --
|t Notes on sources --
|g Index.
|
| 520 |
|
|
|a An investigative account of the medical, sexual, and scientific questions surrounding the spread of AIDS across the country.
|
| 500 |
|
|
|a The Cushing Library/Women & Gender Studies copy was acquired as part of The Don Kelly Research Collection of Gay Literature and Culture.
|5 TXA
|
| 650 |
|
0 |
|a AIDS (Disease)
|x History.
|
| 650 |
|
0 |
|a AIDS (Disease)
|x Political aspects
|z United States.
|
| 650 |
|
0 |
|a AIDS (Disease)
|x Social aspects
|z United States.
|
| 650 |
|
2 |
|a Acquired Immunodeficiency Syndrome
|x history.
|0 (DNLM)D000163Q000266
|
| 650 |
1 |
2 |
|a Public Policy.
|0 (DNLM)D011640
|
| 651 |
|
2 |
|a United States.
|0 (DNLM)D014481
|
| 650 |
1 |
3 |
|a acquired immunodeficiency syndrome.
|
| 650 |
|
4 |
|a Síndrome de Inmunodeficiencia Adquirida (SIDA)
|x Aspectos sociales
|z EE.UU.
|
| 650 |
|
6 |
|a Sida
|x Aspect politique
|z États-Unis.
|
| 650 |
|
6 |
|a Sida
|x Aspect social
|z États-Unis.
|
| 650 |
|
7 |
|a AIDS (Disease)
|2 fast
|0 (OCoLC)fst00793808
|
| 650 |
|
7 |
|a AIDS (Disease)
|x Political aspects.
|2 fast
|0 (OCoLC)fst00793907
|
| 650 |
|
7 |
|a AIDS (Disease)
|x Social aspects.
|2 fast
|0 (OCoLC)fst00793952
|
| 651 |
|
7 |
|a United States.
|2 fast
|0 (OCoLC)fst01204155
|
| 650 |
|
7 |
|a Aids
|2 gnd
|0 (DE-588)4112470-4
|
| 651 |
|
7 |
|a USA
|2 gnd
|0 (DE-588)4078704-7
|
| 650 |
|
7 |
|a AIDS (Disease)
|x Social aspects
|z United States.
|2 sears
|
| 650 |
|
7 |
|a AIDS (Disease)
|2 sears
|
| 650 |
0 |
7 |
|a AIDS.
|2 swd
|
| 994 |
|
|
|a C0
|b TXA
|
| 948 |
|
|
|a updated
|b h
|c 2019/6/26
|d c
|e nbehmer
|f 3:20:10 pm
|
| 999 |
f |
f |
|s 5fdbb78e-eaa5-33fa-a24b-97c736f74447
|i c306e2de-387f-3795-9a94-d917443ac72e
|t 0
|
| 952 |
f |
f |
|p noncirc
|a Texas A&M University
|b College Station
|c Cushing Memorial Library & Archives
|s cush wgs
|d Cushing: Women & Gender Studies (Does not check out)
|t 0
|e RA643.83 .S48 1987
|h Library of Congress classification
|i unmediated -- volume
|
| 952 |
f |
f |
|p normal
|a Texas A&M University
|b College Station
|c Sterling C. Evans Library
|s Evans stk
|d Evans: Library Stacks
|t 0
|e RA644.A25 S48 1987
|h Library of Congress classification
|i unmediated -- volume
|m A14812613337
|
| 998 |
f |
f |
|a RA643.83 .S48 1987
|t 0
|l Cushing: Women & Gender Studies (Does not check out)
|
| 998 |
f |
f |
|a RA644.A25 S48 1987
|t 0
|l Evans: Library Stacks
|